LEADER 01117nam a2200265 i 4500 001 000000139919 003 CaOOAMICUS 005 20181011123959.0 008 050601s1966 it u000 u ita u 013 $a114052 040 $aSeMil$bita 100 1 $aBaccheschi, Edi.$0(OLS)http://semarc/name/44094 245 14$aGli ebanisti del 19. secolo /$ctesto di Edy Baccheschi. 260 $aMilano :$bFratelli Fabbri Editori,$ccopyr. 1966. 300 $a157 p. :$briccamente ill. ;$c19 cm. 490 0 $aElite : le arti e gli stili in ogni tempo e paese ;$v59 500 $aContiene : Bibliografia. 650 4$aEbanisti - Sec. 19.$0(OLS)http://semarc/subject/27534 830 0$aElite : le arti e gli stili in ogni tempo e paese ;$v59.$0(OLS)http://semarc/title/18137 850 $aSeMil 852 $aSeMil$W1$xVenegono$y1$m5O I 58$j93308$B93308$CSeMilBibl$Z2$F98632 $81 961 $aOmaggio: Pelizzi Carla ved. Ferrari 996 $6245$aGli ebanisti del 19. secolo$9(OLS)http://semarc/title/204415 996 $6260$aMilano :$bFratelli Fabbri Editori$9(OLS)http://semarc/publisher/29845 LEADER 00797nam a2200229 i 4500 001 000000104115 003 CaOOAMICUS 005 20241203145941.0 008 011114s1967 it u000 u ita u 013 $a76302 040 $aSeMil$bita 100 1 $aVilla, Carlo.$0(OLS)http://semarc/name/41150 245 10$aDeposito celeste /$cCarlo Villa. 260 $aTorino :$bEinaudi,$c1967. 300 $a187 p. ;$c20 cm. 490 0 $aI coralli ;$v242 830 2$aI coralli ;$v242.$0(OLS)http://semarc/title/6904 850 $aSeMil 852 $aSeMil$W1$xVenegono$y1$m1A III 131$j213264$B60531$CSeMilBibl$Z2$F45116 $81 996 $6245$aDeposito celeste$9(OLS)http://semarc/title/151007 996 $6260$aTorino :$bEinaudi$9(OLS)http://semarc/publisher/29884